Jemný úvod do systému UNIX /

Salvato in:
Dettagli Bibliografici
Autore principale: Petrlík, Lukáš (Autore)
Natura: Libro
Lingua:ceco
Pubblicazione: České Budějovice : Nakladatelství KOPP, 2001
Edizione:Dotlač 1. vydania
Tags: Aggiungi Tag
Nessun Tag, puoi essere il primo ad aggiungerne!!

MARC

LEADER 00000nam a22000003a 4500
001 0094501
003 SK-STU
005 20220315133452.7
007 ta
008 220315s ----xo-----e------000-0-----d
020 |a 80-85828-28-6 
040 |a STU  |b slo 
041 0 |a cze 
044 |a xr 
080 |a 681.32.06 
100 1 |a Petrlík, Lukáš  |4 aut 
245 1 0 |a Jemný úvod do systému UNIX /  |c aut. Lukáš Petrlík 
250 |a Dotlač 1. vydania 
260 |a České Budějovice :  |b Nakladatelství KOPP,  |c 2001 
300 |a 189 s. 
996 |b 284EK90297  |c E* 90297  |l EE01  |s A  |a 24  |w 0094501_0001